000
00339nam a22001217a 4500
999
_c
13687
_d
13687
082
_a
891.4391
_b
ج ا ز
100
_a
جازب قریشی
245
_a
تخلیقی آواز
260
_a
کراچی
_b
مکتبہ کامران
300
_a
١٠٢٤ صفحات
650
_a
Urdu Literature
_a
Jazib Qureshi
_a
Takhleeqi Awaz
942
_c
BK